|
|
|
|
| LEADER |
00000nam0a2200000 4500 |
| 001 |
130232 |
| 005 |
20250513142834.0 |
| 035 |
|
|
|a (RuTPU)RU\TPU\book\141052
|
| 090 |
|
|
|a 130232
|
| 100 |
|
|
|a 20080201d1974 m y0rusy5003 ca
|
| 101 |
0 |
|
|a rus
|
| 102 |
|
|
|a KG
|
| 105 |
|
|
|a a z 000zy
|
| 200 |
1 |
|
|a Туристам о природе
|f С. Т. Пасечник
|
| 210 |
|
|
|a Фрунзе
|c Кыргызстан
|d 1974
|
| 215 |
|
|
|a 52 с.
|c ил.
|
| 333 |
|
|
|a Исключено из фонда НТБ ТПУ
|
| 610 |
1 |
|
|a туризм
|
| 610 |
1 |
|
|a окружающая среда
|
| 610 |
1 |
|
|a природа
|
| 610 |
1 |
|
|a природные богатства
|
| 610 |
1 |
|
|a Киргизия
|
| 610 |
1 |
|
|a охрана
|
| 675 |
|
|
|a 797
|
| 700 |
|
1 |
|a Пасечник
|b С. Т.
|g Сергей Тимофеевич
|4 070
|
| 801 |
|
0 |
|a RU
|b RuMRKP
|c 19950417
|g psbo
|
| 801 |
|
1 |
|a RU
|b 63413507
|c 20080201
|g PSBO
|
| 801 |
|
2 |
|a RU
|b 63413507
|c 20171010
|g PSBO
|
| 850 |
|
|
|a 63413507
|
| 942 |
|
|
|c BK
|